000 00720nam a22001935i 4500
001 53422
003 ES-MaACL
005 20230906162749.0
007 t|
008 950926s1897 sp ||||1| spa d
040 _aCAM
_bspa
_cCAM
100 1 _aEspaña Lledó, José.
_947761
245 1 0 _aDiscurso pronunciado por José España Lledó en los Juegos Florales de Almería el día 25 de agosto de 1897.
260 _aGranada :
_b[s.n.],
_c1897 (
_fZamora Hermanos)
300 _a24 p. ;
_c23 cm.
530 _aDisponible también en sitio web.
852 _aES-MaACL
_jT-861-F-5
856 _uhttp://bibliotecadigitalhispanica.bne.es:80/webclient/DeliveryManager?pid=3304034&custom_att_2=simple_viewer
_zIr a la página
999 _c53422
_d53422